[Event "Saratov Region-ch"]
[Site "Saratov"]
[Date "2016.12.16"]
[Round "2"]
[White "Lyalkov, Igor"]
[Black "Vdovin, Sergey"]
[Result "0-1"]
[WhiteElo "1368"]
[BlackElo "1864"]
[PlyCount "86"]
[EventDate "2016.12.15"]
[EventType "swiss"]
[EventRounds "9"]
[EventCountry "RUS"]
[SourceTitle "EXT 2018"]
[Source "ChessBase"]
[SourceDate "2017.10.13"]
[SourceVersion "1"]
[SourceVersionDate "2017.10.13"]
[SourceQuality "1"]

1. e4 c5 2. g3 h5 3. h4 d5 4. c3 dxe4 5. Qa4+ Nc6 6. Qxe4 Nf6 7. Qc2 Qd5 8. Rh2 Bf5 9. d3 c4 10. dxc4 Qe5+ 11. Qe2 Ng4 12. Qxe5 Ncxe5 13. Rg2 Be4 14. f3 Nxf3+ 15. Nxf3 Bxf3 16. Rd2 e5 17. Be2 e4 18. Na3 a6 19. Nc2 Bc5 20. Nd4 Bd6 21. Nxf3 Bxg3+ 22. Kf1 exf3 23. Bxf3 0-0 24. Bxg4 hxg4 25. Rg2 Bxh4 26. Rxg4 Bf6 27. Be3 Rfe8 28. Kf2 g6 29. Rh1 Rac8 30. Bd4 Bxd4+ 31. Rxd4 Re7 32. Rdh4 Kg7 33. Kf3 Rce8 34. Rh7+ Kf6 35. Rf1 g5 36. Kg4+ Kg6 37. Rh2 f5+ 38. Kf3 Rh7 39. Rd2 g4+ 40. Kf4 Re4+ 41. Kg3 Kg5 42. Rd5 Rh3+ 43. Kf2 Kf4 0-1